<?xml version="1.0" encoding="UTF-8"?>
<record
    xmlns:xsi="http://www.w3.org/2001/XMLSchema-instance"
    xsi:schemaLocation="http://www.loc.gov/MARC21/slim http://www.loc.gov/standards/marcxml/schema/MARC21slim.xsd"
    xmlns="http://www.loc.gov/MARC21/slim">

  <leader>02531nam a2200349 i 4500</leader>
  <datafield tag="952" ind1=" " ind2=" ">
    <subfield code="0">0</subfield>
    <subfield code="1">0</subfield>
    <subfield code="2">ddc</subfield>
    <subfield code="4">0</subfield>
    <subfield code="7">0</subfield>
    <subfield code="8">LE</subfield>
    <subfield code="a">FUSBC</subfield>
    <subfield code="b">FUSBC</subfield>
    <subfield code="c">EBOOK</subfield>
    <subfield code="d">2020-07-17</subfield>
    <subfield code="l">0</subfield>
    <subfield code="p">ID2363589</subfield>
    <subfield code="r">2020-07-17 00:00:00</subfield>
    <subfield code="t">Ej.1</subfield>
    <subfield code="u">https://bit.ly/30k8440</subfield>
    <subfield code="w">2020-07-17</subfield>
    <subfield code="y">EBK</subfield>
    <subfield code="z">LIBRO ELECTR&#xD3;NICO - Seguir el link de acceso</subfield>
    <subfield code="k">2</subfield>
    <subfield code="I">INV2021</subfield>
  </datafield>
  <datafield tag="999" ind1=" " ind2=" ">
    <subfield code="c">66539</subfield>
    <subfield code="d">66539</subfield>
  </datafield>
  <controlfield tag="001">768714001</controlfield>
  <controlfield tag="003">CO-MdFUSB</controlfield>
  <controlfield tag="005">20200806152319.0</controlfield>
  <controlfield tag="007">cr aa aaaaa</controlfield>
  <controlfield tag="008">200717t2020    us  |||| |||| 00| 0 spa d</controlfield>
  <datafield tag="020" ind1=" " ind2=" ">
    <subfield code="a">9781535983617</subfield>
  </datafield>
  <datafield tag="040" ind1=" " ind2=" ">
    <subfield code="a">CO-MdFUSB</subfield>
    <subfield code="b">spa</subfield>
    <subfield code="c">CO-MdFUSB</subfield>
    <subfield code="d">CO-MdFUSBC</subfield>
    <subfield code="e">rda</subfield>
  </datafield>
  <datafield tag="041" ind1=" " ind2=" ">
    <subfield code="a">spa</subfield>
  </datafield>
  <datafield tag="082" ind1=" " ind2=" ">
    <subfield code="2">23</subfield>
    <subfield code="a">232.954</subfield>
  </datafield>
  <datafield tag="100" ind1=" " ind2=" ">
    <subfield code="a"> Vidal Manzanares, C&#xE9;sar</subfield>
    <subfield code="e">autor</subfield>
  </datafield>
  <datafield tag="245" ind1="1" ind2=" ">
    <subfield code="a">M&#xE1;s que un rabino : </subfield>
    <subfield code="b">la vida y ense&#xF1;anzas de Jes&#xFA;s el jud&#xED;o</subfield>
    <subfield code="c">/ C&#xE9;sar Vidal Manzanares</subfield>
    <subfield code="h">[electr&#xF3;nico]</subfield>
  </datafield>
  <datafield tag="264" ind1=" " ind2="1">
    <subfield code="a">Nashville, TN : </subfield>
    <subfield code="b">B &amp; H Espa&#xF1;ol, </subfield>
    <subfield code="c">[2020]</subfield>
  </datafield>
  <datafield tag="264" ind1=" " ind2="4">
    <subfield code="c">&#xA9; 2020</subfield>
  </datafield>
  <datafield tag="300" ind1=" " ind2=" ">
    <subfield code="c">; </subfield>
  </datafield>
  <datafield tag="336" ind1=" " ind2=" ">
    <subfield code="2">rdacontent</subfield>
    <subfield code="a">sonidos</subfield>
    <subfield code="b">txt</subfield>
  </datafield>
  <datafield tag="337" ind1=" " ind2=" ">
    <subfield code="2">rdamedia</subfield>
    <subfield code="a">inform&#xE1;tico</subfield>
    <subfield code="b">c</subfield>
  </datafield>
  <datafield tag="338" ind1=" " ind2=" ">
    <subfield code="2">rdacarrier</subfield>
    <subfield code="a">remoto</subfield>
    <subfield code="b">cr</subfield>
  </datafield>
  <datafield tag="505" ind1=" " ind2=" ">
    <subfield code="a">&#xCD;ndice De Abreviaturas. -- Introducci&#xF3;n. -- Cap&#xED;tulo I. &#xAB;Vino Un Hombre Llamado Juan&#x2026;&#xBB; -- Cap&#xED;tulo II. El Primer Rechazo Del Poder Y Los Primeros Disc&#xED;pulos. -- Cap&#xED;tulo III. El Gran Ministerio Galileo. -- Cap&#xED;tulo IV. El Mayor Maestro De Par&#xE1;bolas. --Cap&#xED;tulo V. La Compasi&#xF3;n Del Mes&#xED;as. -- Cap&#xED;tulo VI. Los Doce. -- Cap&#xED;tulo VII. La Ense&#xF1;anza Para Los Disc&#xED;pulos. -- Cap&#xED;tulo VIII. El Hombre Que No Quiso Ser Ese Rey. -- Cap&#xED;tulo IX. Seguimiento Y Rechazo. -- Cap&#xED;tulo X. M&#xE1;s Que Un Rabino (I). -- Cap&#xED;tulo XI. M&#xE1;s Que Un Rabino (II) El Mes&#xED;as Y El Hijo De Dios. -- Cap&#xED;tulo XII. La Luz Del Mundo. -- Cap&#xED;tulo XIII. El &#xDA;ltimo A&#xF1;o. -- Cap&#xED;tulo XIV. La &#xDA;ltima Semana (I) Del Domingo Al Martes. -- Cap&#xED;tulo XV. La &#xDA;ltima Semana (II) Del Mi&#xE9;rcoles Al Jueves. -- Cap&#xED;tulo XVI. Arresto Y Condena (I) El Sanedr&#xED;n. -- Cap&#xED;tulo XVII. Arresto Y Condena (II) La condena romana. -- Cap&#xED;tulo XVIII. La Crucifixi&#xF3;n. -- Cap&#xED;tulo XIX. &#xAB;No Busqu&#xE9;is Entre Los Muertos Al Que Vive&#xBB;. -- Cap&#xED;tulo XX. Hasta lo &#xFA;ltimo de la tierra. -- Conclusi&#xF3;n. M&#xE1;s Que Un Rabino. -- Ap&#xE9;ndice I. Las Fuentes Extrab&#xED;blicas Sobre Jes&#xFA;s.. -- Ap&#xE9;ndice II:Algunas Cuestiones. -- Relacionadas Con El Nacimiento De Jes&#xFA;s. -- Ap&#xE9;ndice III. Jes&#xFA;s Y Las Profec&#xED;as Mesi&#xE1;nica. -- Bibliograf&#xED;a</subfield>
  </datafield>
  <datafield tag="506" ind1=" " ind2=" ">
    <subfield code="a">Pr&#xE9;stamo en biblioteca del libro f&#xED;sico</subfield>
  </datafield>
  <datafield tag="506" ind1=" " ind2=" ">
    <subfield code="a">Solicitar clave y usuario para acceder al libro electr&#xF3;nico.</subfield>
  </datafield>
  <datafield tag="506" ind1=" " ind2=" ">
    <subfield code="a">Libro multiusuario.</subfield>
  </datafield>
  <datafield tag="650" ind1=" " ind2="7">
    <subfield code="9">239</subfield>
    <subfield code="a">Cristolog&#xED;a</subfield>
  </datafield>
  <datafield tag="856" ind1=" " ind2=" ">
    <subfield code="b">2363589</subfield>
    <subfield code="u">http://search.ebscohost.com/login.aspx?direct=true&amp;scope=site&amp;db=nlebk&amp;db=nlabk&amp;AN=2363589</subfield>
    <subfield code="z">Abrir Versi&#xF3;n electr&#xF3;nica del libro M&#xE1;s que un rabino</subfield>
  </datafield>
  <datafield tag="942" ind1=" " ind2=" ">
    <subfield code="c">BK</subfield>
  </datafield>
  <datafield tag="945" ind1=" " ind2=" ">
    <subfield code="a">JTF-925</subfield>
  </datafield>
</record>
